Sebestačnosť v produkcii hrozna je preč
Najväčšie problémy, ktorým čelí slovenské vinohradníctvo pred vstupom do EÚ a zavedením spotrebnej dane z tichých vín. Štruktúra spotreby vína na Slovensku. Vývoz vína a hroznového muštu zo SR do ČR (1997-2001).
Saved in:
| Main Author: | |
|---|---|
| Format: | Book Chapter |
| Language: | Slovak |
| Subjects: | |
| Tags: |
No Tags, Be the first to tag this record!
|
MARC
| LEADER | 00000naa a2200000 4500 | ||
|---|---|---|---|
| 001 | r048467 | ||
| 005 | 20230925124752.2 | ||
| 041 | 0 | |a slo | |
| 044 | |a SK | ||
| 245 | 1 | 0 | |a Sebestačnosť v produkcii hrozna je preč |c Alexander Buzinkay |
| 520 | |a Najväčšie problémy, ktorým čelí slovenské vinohradníctvo pred vstupom do EÚ a zavedením spotrebnej dane z tichých vín. Štruktúra spotreby vína na Slovensku. Vývoz vína a hroznového muštu zo SR do ČR (1997-2001). | ||
| 610 | 2 | 0 | |a vinohradníctvo |
| 610 | 2 | 0 | |a víno |
| 610 | 2 | 0 | |a dane spotrebné |
| 610 | 2 | 0 | |a integrácia ekonomická medzinárodná |
| 610 | 2 | 0 | |a vývoz |
| 610 | 2 | 0 | |a spotreba |
| 610 | 2 | 0 | |a Slovensko |
| 610 | 2 | 0 | |a Európska únia |
| 100 | 1 | |a Buzinkay, Alexander | |